[Event "ODJM A 2025"]
[Site "Willingen GER"]
[Date "2025.06.09"]
[Round "3"]
[White "Walter, Richard"]
[Black "Theisen, Johannes"]
[Result "1/2-1/2"]
[Termination "normal"]
[Board "18"]
[WhiteElo "2041"]
[BlackElo "1831"]
[WhiteClock "00:09:04"]
[BlackClock "00:09:24"]
[PlyCount "115"]
[WhiteFideId "34620028"]
[BlackFideId "16255526"]
[EventCountry "GER"]
[EventRounds "9"]
[EventType "swiss"]
[EventDate "2025.06.07"]

1. Nf3 {[%clk 01:30:59]} {[%emt 00:00:04]} d5 {[%clk 01:30:49]} {[%emt
00:00:11]} 2. g3 {[%clk 01:31:25]} {[%emt 00:00:02]} e6 {[%clk 01:31:11]}
{[%emt 00:00:07]} 3. Bg2 {[%clk 01:31:50]} {[%emt 00:00:06]} c5 {[%clk
01:31:16]} {[%emt 00:00:25]} 4. d4 {[%clk 01:32:15]} {[%emt 00:00:05]} cxd4
{[%clk 01:31:06]} {[%emt 00:00:42]} 5. O-O {[%clk 01:32:38]} {[%emt 00:00:05]}
Nf6 {[%clk 01:31:29]} {[%emt 00:00:07]} 6. Bf4 {[%clk 01:32:54]} {[%emt
00:00:14]} Bd6 {[%clk 01:19:53]} {[%emt 00:12:07]} 7. Bxd6 {[%clk 01:31:01]}
{[%emt 00:02:23]} Qxd6 {[%clk 01:20:00]} {[%emt 00:00:23]} 8. Nxd4 {[%clk
01:27:23]} {[%emt 00:04:09]} e5 {[%clk 01:18:44]} {[%emt 00:01:45]} 9. Nb3
{[%clk 01:25:29]} {[%emt 00:02:25]} O-O {[%clk 01:17:49]} {[%emt 00:01:23]} 10.
c4 {[%clk 01:21:30]} {[%emt 00:04:30]} Rd8 {[%clk 01:17:05]} {[%emt 00:01:14]}
11. Na3 {[%clk 01:07:59]} {[%emt 00:14:02]} Be6 {[%clk 01:10:22]} {[%emt
00:07:12]} 12. Rc1 {[%clk 00:59:00]} {[%emt 00:09:29]} Nc6 {[%clk 01:07:29]}
{[%emt 00:03:23]} 13. Nb5 {[%clk 00:52:58]} {[%emt 00:06:31]} Qe7 {[%clk
01:04:46]} {[%emt 00:03:14]} 14. c5 {[%clk 00:53:18]} {[%emt 00:00:11]} a6
{[%clk 00:50:10]} {[%emt 00:15:06]} 15. Nc3 {[%clk 00:53:25]} {[%emt 00:00:22]}
Rac8 {[%clk 00:45:50]} {[%emt 00:04:50]} 16. Na4 {[%clk 00:49:44]} {[%emt
00:04:11]} Rc7 {[%clk 00:42:57]} {[%emt 00:03:23]} 17. h3 {[%clk 00:44:41]}
{[%emt 00:05:33]} h6 {[%clk 00:42:04]} {[%emt 00:01:23]} 18. Kh2 {[%clk
00:44:06]} {[%emt 00:01:04]} d4 {[%clk 00:35:10]} {[%emt 00:07:25]} 19. Nb6
{[%clk 00:39:36]} {[%emt 00:05:00]} Nd7 {[%clk 00:21:53]} {[%emt 00:13:47]} 20.
f4 {[%clk 00:27:59]} {[%emt 00:12:07]} Bxb3 {[%clk 00:09:16]} {[%emt 00:13:07]}
21. axb3 {[%clk 00:28:21]} {[%emt 00:00:08]} Nxb6 {[%clk 00:09:31]} {[%emt
00:00:14]} 22. cxb6 {[%clk 00:28:45]} {[%emt 00:00:07]} Rcc8 {[%clk 00:08:42]}
{[%emt 00:01:19]} 23. fxe5 {[%clk 00:17:32]} {[%emt 00:11:43]} Qxe5 {[%clk
00:06:23]} {[%emt 00:02:48]} 24. Bxc6 {[%clk 00:17:11]} {[%emt 00:00:52]} Rxc6
{[%clk 00:06:26]} {[%emt 00:00:27]} 25. Rxc6 {[%clk 00:17:35]} {[%emt
00:00:06]} bxc6 {[%clk 00:06:51]} {[%emt 00:00:04]} 26. Qd3 {[%clk 00:18:00]}
{[%emt 00:00:06]} Qb5 {[%clk 00:04:45]} {[%emt 00:02:37]} 27. Qxb5 {[%clk
00:18:17]} {[%emt 00:00:12]} cxb5 {[%clk 00:04:28]} {[%emt 00:00:47]} 28. Rc1
{[%clk 00:18:18]} {[%emt 00:00:28]} Rb8 {[%clk 00:03:51]} {[%emt 00:01:07]} 29.
Rc6 {[%clk 00:18:43]} {[%emt 00:00:06]} Kf8 {[%clk 00:03:51]} {[%emt 00:00:30]}
30. Kg2 {[%clk 00:19:02]} {[%emt 00:00:11]} Ke7 {[%clk 00:03:45]} {[%emt
00:00:35]} 31. Kf3 {[%clk 00:19:27]} {[%emt 00:00:05]} Kd7 {[%clk 00:02:26]}
{[%emt 00:01:49]} 32. Rc7+ {[%clk 00:19:46]} {[%emt 00:00:12]} Kd6 {[%clk
00:02:47]} {[%emt 00:00:10]} 33. Rxf7 {[%clk 00:19:26]} {[%emt 00:00:48]} Rxb6
{[%clk 00:02:48]} {[%emt 00:00:30]} 34. b4 {[%clk 00:15:52]} {[%emt 00:04:04]}
Kd5 {[%clk 00:02:09]} {[%emt 00:01:09]} 35. b3 {[%clk 00:16:15]} {[%emt
00:00:07]} g6 {[%clk 00:01:31]} {[%emt 00:01:08]} 36. h4 {[%clk 00:08:43]}
{[%emt 00:08:02]} h5 {[%clk 00:01:15]} {[%emt 00:00:46]} 37. Kf4 {[%clk
00:06:16]} {[%emt 00:02:57]} Re6 {[%clk 00:01:23]} {[%emt 00:00:21]} 38. Rd7+
{[%clk 00:06:42]} {[%emt 00:00:04]} Kc6 {[%clk 00:01:42]} {[%emt 00:00:11]} 39.
Rxd4 {[%clk 00:07:08]} {[%emt 00:00:05]} Rxe2 {[%clk 00:01:48]} {[%emt
00:00:22]} 40. Kg5 {[%clk 00:06:34]} {[%emt 00:01:05]} Re6 {[%clk 00:00:36]}
{[%emt 00:01:42]} 41. Kh6 {[%clk 00:05:31]} {[%emt 00:01:33]} Kb6 {[%clk
00:21:11]} {[%emt 00:09:56]} 42. g4 {[%clk 00:35:15]} {[%emt 00:00:45]} hxg4
{[%clk 00:13:48]} {[%emt 00:07:53]} 43. Rxg4 {[%clk 00:35:33]} {[%emt
00:00:11]} a5 {[%clk 00:14:11]} {[%emt 00:00:09]} 44. bxa5+ {[%clk 00:17:43]}
{[%emt 00:18:20]} Kxa5 {[%clk 00:14:35]} {[%emt 00:00:06]} 45. Kg7 {[%clk
00:17:43]} {[%emt 00:00:30]} Rc6 {[%clk 00:11:36]} {[%emt 00:03:29]} 46. Rxg6
{[%clk 00:07:35]} {[%emt 00:10:38]} Rc3 {[%clk 00:11:37]} {[%emt 00:00:29]} 47.
h5 {[%clk 00:07:56]} {[%emt 00:00:09]} Rxb3 {[%clk 00:11:59]} {[%emt 00:00:09]}
48. h6 {[%clk 00:08:21]} {[%emt 00:00:04]} Rh3 {[%clk 00:12:20]} {[%emt
00:00:09]} 49. h7 {[%clk 00:08:45]} {[%emt 00:00:06]} Rxh7+ {[%clk 00:12:38]}
{[%emt 00:00:12]} 50. Kxh7 {[%clk 00:09:10]} {[%emt 00:00:05]} b4 {[%clk
00:12:37]} {[%emt 00:00:32]} 51. Rg8 {[%clk 00:09:26]} {[%emt 00:00:14]} Ka4
{[%clk 00:12:31]} {[%emt 00:00:36]} 52. Kg6 {[%clk 00:09:14]} {[%emt 00:00:43]}
b3 {[%clk 00:08:25]} {[%emt 00:04:34]} 53. Kf5 {[%clk 00:07:32]} {[%emt
00:02:12]} b2 {[%clk 00:08:36]} {[%emt 00:00:18]} 54. Rb8 {[%clk 00:07:58]}
{[%emt 00:00:05]} Ka3 {[%clk 00:09:00]} {[%emt 00:00:07]} 55. Ke4 {[%clk
00:08:23]} {[%emt 00:00:05]} Ka2 {[%clk 00:08:58]} {[%emt 00:00:32]} 56. Kd3
{[%clk 00:08:40]} {[%emt 00:00:11]} b1=Q+ {[%clk 00:09:24]} {[%emt 00:00:06]}
57. Rxb1 {[%clk 00:09:04]} {[%emt 00:00:05]} Kxb1 {[%emt 00:00:04]} 58. Ke4
{[%emt 00:00:22]} 1/2-1/2

[Event "ODJM A 2025"]
[Site "Willingen GER"]
[Date "2025.06.09"]
[Round "3"]
[White "Vollmar, Timo"]
[Black "Beckmann, Jonathan"]
[Result "1/2-1/2"]
[Termination "normal"]
[Board "19"]
[WhiteElo "1885"]
[BlackElo "1904"]
[WhiteClock "00:01:45"]
[BlackClock "00:00:44"]
[PlyCount "84"]
[WhiteFideId "16253582"]
[BlackFideId "34672591"]
[EventCountry "GER"]
[EventRounds "9"]
[EventType "swiss"]
[EventDate "2025.06.07"]

1. e4 {[%clk 01:30:57]} {[%emt 00:00:03]} c5 {[%clk 01:30:56]} {[%emt
00:00:05]} 2. Nf3 {[%clk 01:31:09]} {[%emt 00:00:18]} d6 {[%clk 01:31:22]}
{[%emt 00:00:03]} 3. d4 {[%clk 01:31:31]} {[%emt 00:00:08]} cxd4 {[%clk
01:31:47]} {[%emt 00:00:05]} 4. Nxd4 {[%clk 01:31:52]} {[%emt 00:00:08]} Nf6
{[%clk 01:32:14]} {[%emt 00:00:05]} 5. Nc3 {[%clk 01:31:59]} {[%emt 00:00:22]}
a6 {[%clk 01:32:39]} {[%emt 00:00:05]} 6. Be3 {[%clk 01:32:10]} {[%emt
00:00:18]} e5 {[%clk 01:33:05]} {[%emt 00:00:04]} 7. Nf3 {[%clk 01:32:35]}
{[%emt 00:00:06]} Nc6 {[%clk 01:33:21]} {[%emt 00:00:15]} 8. Bc4 {[%clk
01:32:10]} {[%emt 00:00:54]} Be6 {[%clk 01:33:46]} {[%emt 00:00:05]} 9. Bb3
{[%clk 01:30:05]} {[%emt 00:02:34]} Na5 {[%clk 01:34:09]} {[%emt 00:00:08]} 10.
O-O {[%clk 01:29:42]} {[%emt 00:00:52]} Nxb3 {[%clk 01:34:35]} {[%emt
00:00:06]} 11. axb3 {[%clk 01:29:58]} {[%emt 00:00:13]} h6 {[%clk 01:34:45]}
{[%emt 00:00:20]} 12. Qd3 {[%clk 01:19:51]} {[%emt 00:10:37]} Be7 {[%clk
01:34:10]} {[%emt 00:01:05]} 13. Na4 {[%clk 01:15:58]} {[%emt 00:04:24]} Nd7
{[%clk 01:12:19]} {[%emt 00:22:20]} 14. c4 {[%clk 01:14:31]} {[%emt 00:01:58]}
O-O {[%clk 01:12:34]} {[%emt 00:00:13]} 15. Nd2 {[%clk 01:05:01]} {[%emt
00:09:58]} f5 {[%clk 00:54:28]} {[%emt 00:18:38]} 16. f4 {[%clk 00:59:07]}
{[%emt 00:06:25]} exf4 {[%clk 00:45:27]} {[%emt 00:09:31]} 17. Bxf4 {[%clk
00:58:17]} {[%emt 00:01:18]} Nc5 {[%clk 00:45:44]} {[%emt 00:00:14]} 18. Qe3
{[%clk 00:51:49]} {[%emt 00:06:58]} b5 {[%clk 00:35:21]} {[%emt 00:10:53]} 19.
Nxc5 {[%clk 00:50:02]} {[%emt 00:02:17]} dxc5 {[%clk 00:34:39]} {[%emt
00:01:13]} 20. cxb5 {[%clk 00:49:07]} {[%emt 00:01:25]} g5 {[%clk 00:31:20]}
{[%emt 00:03:48]} 21. exf5 {[%clk 00:44:41]} {[%emt 00:04:56]} Bxf5 {[%clk
00:31:40]} {[%emt 00:00:12]} 22. Bg3 {[%clk 00:44:07]} {[%emt 00:01:03]} Bf6
{[%clk 00:29:55]} {[%emt 00:02:15]} 23. Kh1 {[%clk 00:41:46]} {[%emt 00:02:51]}
Bd4 {[%clk 00:28:45]} {[%emt 00:01:41]} 24. Qe2 {[%clk 00:40:13]} {[%emt
00:02:02]} axb5 {[%clk 00:25:50]} {[%emt 00:03:26]} 25. Rxa8 {[%emt 00:02:45]}
Qxa8 {[%clk 00:26:11]} {[%emt 00:00:07]} 26. Qxb5 {[%clk 00:35:47]} {[%emt
00:02:42]} Be6 {[%clk 00:23:43]} {[%emt 00:02:57]} 27. Rxf8+ {[%clk 00:30:41]}
{[%emt 00:05:37]} Kxf8 {[%clk 00:22:39]} {[%emt 00:01:33]} 28. Qb8+ {[%clk
00:26:49]} {[%emt 00:04:22]} Qxb8 {[%clk 00:22:56]} {[%emt 00:00:13]} 29. Bxb8
{[%clk 00:27:14]} {[%emt 00:00:04]} Ke7 {[%clk 00:19:28]} {[%emt 00:03:59]} 30.
Ba7 {[%clk 00:25:31]} {[%emt 00:02:13]} Kd6 {[%clk 00:13:10]} {[%emt 00:06:48]}
31. b4 {[%clk 00:24:11]} {[%emt 00:01:51]} Bxb2 {[%clk 00:09:47]} {[%emt
00:03:53]} 32. Bxc5+ {[%clk 00:23:58]} {[%emt 00:00:41]} Kc6 {[%clk 00:07:52]}
{[%emt 00:02:26]} 33. Nf3 {[%clk 00:12:39]} {[%emt 00:11:51]} g4 {[%clk
00:05:17]} {[%emt 00:03:04]} 34. Nd2 {[%clk 00:12:02]} {[%emt 00:01:06]} Bd5
{[%clk 00:03:19]} {[%emt 00:02:28]} 35. Kg1 {[%clk 00:11:58]} {[%emt 00:00:33]}
h5 {[%clk 00:02:41]} {[%emt 00:01:09]} 36. Nf1 {[%clk 00:10:45]} {[%emt
00:01:43]} Kb5 {[%clk 00:01:23]} {[%emt 00:01:49]} 37. Kf2 {[%clk 00:08:51]}
{[%emt 00:02:23]} h4 {[%clk 00:00:55]} {[%emt 00:00:59]} 38. Ne3 {[%clk
00:07:59]} {[%emt 00:01:22]} Be6 {[%clk 00:01:17]} {[%emt 00:00:08]} 39. Ke2
{[%clk 00:06:17]} {[%emt 00:02:12]} Be5 {[%clk 00:01:21]} {[%emt 00:00:26]} 40.
Nc2 {[%clk 00:05:44]} {[%emt 00:01:03]} Bf5 {[%clk 00:00:57]} {[%emt 00:00:54]}
41. Nd4+ {[%clk 00:01:17]} {[%emt 00:04:57]} Bxd4 {[%clk 00:01:10]} {[%emt
00:00:16]} 42. Bxd4 {[%clk 00:01:45]} {[%emt 00:00:02]} h3 {[%clk 00:00:44]}
{[%emt 00:00:56]} 1/2-1/2

[Event "ODJM A 2025"]
[Site "Willingen GER"]
[Date "2025.06.09"]
[Round "3"]
[White "Ellinger, Maximilian"]
[Black "Andresen, Eric"]
[Result "1-0"]
[Termination "normal"]
[Board "20"]
[WhiteElo "2039"]
[BlackElo "1889"]
[WhiteClock "00:11:40"]
[BlackClock "00:04:39"]
[PlyCount "103"]
[WhiteFideId "34631003"]
[BlackFideId "34641360"]
[EventCountry "GER"]
[EventRounds "9"]
[EventType "swiss"]
[EventDate "2025.06.07"]

1. e4 {[%clk 01:30:55]} {[%emt 00:00:07]} e5 {[%clk 01:30:52]} {[%emt
00:00:10]} 2. Nf3 {[%clk 01:31:12]} {[%emt 00:00:10]} Nc6 {[%clk 01:31:17]}
{[%emt 00:00:06]} 3. Bb5 {[%clk 01:31:30]} {[%emt 00:00:15]} a6 {[%clk
01:31:43]} {[%emt 00:00:01]} 4. Ba4 {[%clk 01:31:54]} {[%emt 00:00:05]} Nf6
{[%clk 01:32:07]} {[%emt 00:00:05]} 5. O-O {[%clk 01:32:10]} {[%emt 00:00:14]}
Be7 {[%clk 01:32:33]} {[%emt 00:00:05]} 6. Re1 {[%clk 01:32:30]} {[%emt
00:00:10]} b5 {[%clk 01:32:58]} {[%emt 00:00:06]} 7. Bb3 {[%clk 01:32:49]}
{[%emt 00:00:11]} O-O {[%clk 01:33:22]} {[%emt 00:00:06]} 8. a4 {[%clk
01:32:43]} {[%emt 00:00:35]} Bb7 {[%clk 01:33:37]} {[%emt 00:00:16]} 9. d3
{[%clk 01:32:15]} {[%emt 00:00:57]} d6 {[%clk 01:34:00]} {[%emt 00:00:07]} 10.
Bd2 {[%clk 01:31:37]} {[%emt 00:01:08]} Qd7 {[%clk 01:34:04]} {[%emt 00:00:27]}
11. Nc3 {[%clk 01:31:09]} {[%emt 00:00:57]} Na5 {[%clk 01:32:53]} {[%emt
00:01:42]} 12. Ba2 {[%emt 00:00:23]} c5 {[%clk 01:33:16]} {[%emt 00:00:05]} 13.
axb5 {[%clk 01:31:01]} {[%emt 00:00:47]} axb5 {[%clk 01:33:32]} {[%emt
00:00:14]} 14. Bg5 {[%clk 01:31:03]} {[%emt 00:00:28]} b4 {[%clk 01:21:43]}
{[%emt 00:12:19]} 15. Bxf6 {[%clk 01:28:44]} {[%emt 00:02:49]} bxc3 {[%clk
01:17:35]} {[%emt 00:04:38]} 16. Bxe7 {[%clk 01:28:32]} {[%emt 00:00:42]} cxb2
{[%clk 01:16:20]} {[%emt 00:01:44]} 17. Rb1 {[%clk 01:28:03]} {[%emt 00:00:58]}
Qxe7 {[%clk 01:16:40]} {[%emt 00:00:12]} 18. Rxb2 {[%clk 01:27:45]} {[%emt
00:00:48]} Nc6 {[%clk 01:13:32]} {[%emt 00:03:38]} 19. Bd5 {[%clk 01:20:09]}
{[%emt 00:08:06]} Ra7 {[%clk 01:08:39]} {[%emt 00:05:23]} 20. Qb1 {[%clk
01:04:02]} {[%emt 00:16:36]} Qc7 {[%clk 00:43:27]} {[%emt 00:25:42]} 21. Rb6
{[%clk 00:56:40]} {[%emt 00:07:52]} Nd8 {[%clk 00:39:59]} {[%emt 00:03:58]} 22.
Qb3 {[%clk 00:51:30]} {[%emt 00:05:40]} Bc6 {[%clk 00:19:52]} {[%emt 00:20:38]}
23. Rb1 {[%clk 00:42:51]} {[%emt 00:09:10]} Ba4 {[%clk 00:16:58]} {[%emt
00:03:23]} 24. Qc4 {[%emt 00:17:15]} Nc6 {[%clk 00:07:51]} {[%emt 00:09:36]}
25. Bxc6 {[%clk 00:05:31]} {[%emt 00:21:06]} Bxc6 {[%clk 00:08:19]} {[%emt
00:00:01]} 26. Qb3 {[%clk 00:05:14]} {[%emt 00:00:47]} Ba4 {[%clk 00:06:01]}
{[%emt 00:02:48]} 27. Qc3 {[%clk 00:04:39]} {[%emt 00:01:05]} h6 {[%clk
00:05:38]} {[%emt 00:00:53]} 28. h3 {[%clk 00:05:02]} {[%emt 00:00:07]} f5
{[%clk 00:04:01]} {[%emt 00:02:08]} 29. exf5 {[%clk 00:04:52]} {[%emt
00:00:40]} Rxf5 {[%clk 00:04:13]} {[%emt 00:00:18]} 30. Rb8+ {[%clk 00:04:58]}
{[%emt 00:00:25]} Kh7 {[%clk 00:04:42]} {[%emt 00:00:01]} 31. Qc4 {[%clk
00:04:10]} {[%emt 00:01:17]} Qf7 {[%clk 00:04:42]} {[%emt 00:00:30]} 32. Qxf7
{[%clk 00:04:10]} {[%emt 00:00:31]} Rfxf7 {[%clk 00:05:10]} {[%emt 00:00:02]}
33. R1b2 {[%clk 00:04:10]} {[%emt 00:00:30]} Bc6 {[%clk 00:05:12]} {[%emt
00:00:28]} 34. Nd2 {[%clk 00:04:25]} {[%emt 00:00:15]} d5 {[%clk 00:03:50]}
{[%emt 00:01:52]} 35. Nf3 {[%clk 00:03:55]} {[%emt 00:01:00]} Rae7 {[%clk
00:03:31]} {[%emt 00:00:49]} 36. Rc8 {[%clk 00:03:56]} {[%emt 00:00:29]} Rf6
{[%clk 00:02:24]} {[%emt 00:01:37]} 37. Rb6 {[%clk 00:04:10]} {[%emt 00:00:17]}
Ree6 {[%clk 00:02:17]} {[%emt 00:00:37]} 38. Nd2 {[%clk 00:02:44]} {[%emt
00:01:56]} e4 {[%clk 00:00:54]} {[%emt 00:01:52]} 39. dxe4 {[%clk 00:02:36]}
{[%emt 00:00:39]} dxe4 {[%clk 00:00:54]} {[%emt 00:00:31]} 40. Nb3 {[%clk
00:02:07]} {[%emt 00:00:58]} Rd6 {[%clk 00:00:35]} {[%emt 00:00:48]} 41. Nxc5
{[%clk 00:27:09]} {[%emt 00:05:28]} e3 {[%clk 00:22:31]} {[%emt 00:08:34]} 42.
fxe3 {[%clk 00:23:33]} {[%emt 00:04:06]} Rg6 {[%clk 00:21:48]} {[%emt
00:01:13]} 43. g4 {[%clk 00:22:05]} {[%emt 00:01:59]} Rd1+ {[%clk 00:20:37]}
{[%emt 00:01:40]} 44. Kh2 {[%clk 00:16:58]} {[%emt 00:05:37]} Rh1+ {[%clk
00:07:16]} {[%emt 00:13:51]} 45. Kg3 {[%clk 00:17:23]} {[%emt 00:00:05]} Rg1+
{[%clk 00:07:37]} {[%emt 00:00:09]} 46. Kf4 {[%clk 00:15:46]} {[%emt 00:02:07]}
Rf1+ {[%clk 00:07:39]} {[%emt 00:00:28]} 47. Ke5 {[%clk 00:13:16]} {[%emt
00:03:00]} Rg5+ {[%clk 00:07:35]} {[%emt 00:00:34]} 48. Kd4 {[%clk 00:13:08]}
{[%emt 00:00:37]} Bg2 {[%clk 00:04:54]} {[%emt 00:03:12]} 49. Ne6 {[%clk
00:11:42]} {[%emt 00:01:57]} Rd1+ {[%clk 00:04:39]} {[%emt 00:00:45]} 50. Kc3
{[%clk 00:11:40]} {[%emt 00:00:32]} Ra5 {[%emt 00:01:51]} 51. Nf4 {[%emt
00:00:03]} Be4 {[%emt 00:00:05]} 52. Rbb8 1-0

[Event "ODJM A 2025"]
[Site "Willingen GER"]
[Date "2025.06.09"]
[Round "3"]
[White "Bergmann, Lennart"]
[Black "Mehner, Lorenz"]
[Result "0-1"]
[Termination "normal"]
[Board "21"]
[WhiteElo "1860"]
[BlackElo "2001"]
[WhiteClock "00:03:21"]
[BlackClock "00:19:06"]
[PlyCount "54"]
[WhiteFideId "16270657"]
[BlackFideId "16293096"]
[EventCountry "GER"]
[EventRounds "9"]
[EventType "swiss"]
[EventDate "2025.06.07"]

1. e4 {[%clk 01:30:42]} {[%emt 00:00:20]} e6 {[%clk 01:30:36]} {[%emt
00:00:21]} 2. d3 {[%clk 01:31:03]} {[%emt 00:00:09]} d5 {[%clk 01:30:55]}
{[%emt 00:00:12]} 3. Nd2 {[%clk 01:31:27]} {[%emt 00:00:06]} c5 {[%clk
01:30:49]} {[%emt 00:00:35]} 4. Ngf3 {[%clk 01:31:46]} {[%emt 00:00:12]} Nc6
{[%clk 01:30:35]} {[%emt 00:00:43]} 5. g3 {[%clk 01:31:15]} {[%emt 00:01:00]}
Nf6 {[%clk 01:29:41]} {[%emt 00:01:24]} 6. Bg2 {[%clk 01:31:11]} {[%emt
00:00:34]} Bd6 {[%clk 01:25:13]} {[%emt 00:04:58]} 7. O-O {[%clk 01:30:23]}
{[%emt 00:01:18]} O-O {[%clk 01:25:16]} {[%emt 00:00:27]} 8. Re1 {[%clk
01:25:22]} {[%emt 00:05:31]} e5 {[%clk 01:18:14]} {[%emt 00:07:33]} 9. exd5
{[%clk 01:20:32]} {[%emt 00:05:21]} Nxd5 {[%clk 01:17:57]} {[%emt 00:00:46]}
10. Nc4 {[%clk 01:20:42]} {[%emt 00:00:19]} f6 {[%clk 01:13:32]} {[%emt
00:04:55]} 11. Ng5 {[%clk 01:07:48]} {[%emt 00:13:25]} Be7 {[%clk 01:10:13]}
{[%emt 00:03:49]} 12. Ne4 {[%clk 01:01:00]} {[%emt 00:07:18]} Nc7 {[%clk
01:09:22]} {[%emt 00:01:21]} 13. f4 {[%clk 00:53:08]} {[%emt 00:08:22]} exf4
{[%clk 01:05:45]} {[%emt 00:04:07]} 14. Bxf4 {[%clk 00:53:22]} {[%emt
00:00:16]} Ne6 {[%clk 01:05:29]} {[%emt 00:00:45]} 15. Bd6 {[%clk 00:51:48]}
{[%emt 00:02:04]} f5 {[%clk 00:53:52]} {[%emt 00:12:07]} 16. Bxe7 {[%clk
00:49:44]} {[%emt 00:02:35]} Nxe7 {[%clk 00:53:25]} {[%emt 00:00:57]} 17. Ned6
{[%clk 00:49:14]} {[%emt 00:01:00]} Rf6 {[%clk 00:49:12]} {[%emt 00:04:43]} 18.
Nxb7 {[%clk 00:34:22]} {[%emt 00:15:22]} Qd4+ {[%clk 00:45:00]} {[%emt
00:04:42]} 19. Kh1 {[%clk 00:34:05]} {[%emt 00:00:47]} Bxb7 {[%clk 00:36:29]}
{[%emt 00:09:01]} 20. Bxb7 {[%clk 00:34:21]} {[%emt 00:00:13]} Rd8 {[%clk
00:36:10]} {[%emt 00:00:48]} 21. Qe2 {[%clk 00:25:16]} {[%emt 00:09:36]} f4
{[%clk 00:31:44]} {[%emt 00:04:56]} 22. gxf4 {[%clk 00:17:56]} {[%emt
00:07:50]} Nd5 {[%clk 00:28:01]} {[%emt 00:04:12]} 23. Bxd5 {[%clk 00:13:03]}
{[%emt 00:05:24]} Qxd5+ {[%clk 00:26:05]} {[%emt 00:02:26]} 24. Qe4 {[%clk
00:12:47]} {[%emt 00:00:46]} Qh5 {[%clk 00:25:08]} {[%emt 00:01:27]} 25. Rf1
{[%clk 00:05:15]} {[%emt 00:08:02]} Nd4 {[%clk 00:21:44]} {[%emt 00:03:53]} 26.
Rf2 {[%clk 00:03:10]} {[%emt 00:02:36]} Re8 {[%clk 00:21:19]} {[%emt 00:00:55]}
27. Ne5 {[%clk 00:03:21]} {[%emt 00:00:19]} Rxe5 {[%clk 00:19:06]} {[%emt
00:02:43]} 0-1